[Event "Open"]
[Site "Balatonlelle HUN"]
[Date "2004.07.21"]
[Round "3"]
[White "Mueller,Le"]
[Black "Szeberenyi,A"]
[Result "1-0"]
[WhiteElo "2198"]
[BlackElo "2422"]

1.d4 Nf6 2.c4 g6 3.Nc3 d5 4.cxd5 Nxd5 5.e4 Nxc3 6.bxc3 Bg7 7.Nf3 c5 8.Bb5+ Nd7
9.O-O O-O 10.Rb1 a6 11.Bd3 Qc7 12.a4 b6 13.Bg5 Bb7 14.Qd2 e6 15.Bh6 Rfd8
16.Bxg7 Kxg7 17.Rfd1 Qc6 18.Ra1 Nf6 19.Re1 cxd4 20.cxd4 Rac8 21.Qe2 Nh5 22.Qe3 Qc3
23.Rab1 e5 24.d5 Rd6 25.Rec1 Qa5 26.Rxc8 Bxc8 27.Nxe5 Qxa4 28.Nc4 Rd8 29.Qxb6 Qe8
30.Qd4+ Kg8 31.e5 Be6 32.Nd6  1-0

[Event "XIII Open"]
[Site "Castellar del Valles ESP"]
[Date "2004.07.21"]
[Round "8"]
[White "Hernando Rodrigo,Ju"]
[Black "Jerez Perez,A"]
[Result "0-1"]
[WhiteElo "2362"]
[BlackElo "2416"]

1.d4 Nf6 2.c4 g6 3.Nc3 d5 4.cxd5 Nxd5 5.e4 Nxc3 6.bxc3 Bg7 7.Nf3 c5 8.Rb1 O-O
9.Be2 cxd4 10.cxd4 Qa5+ 11.Bd2 Qxa2 12.O-O Bg4 13.Bg5 h6 14.Bh4 a5 15.Rxb7 g5
16.Bg3 a4 17.Re1 a3 18.Qc1 Rc8 19.Bc7 Qe6 20.Bc4 Qd7 21.Bb5 Rxc7 22.Qxc7 Qxc7
23.Rxc7 a2 24.Ra1 Bxf3 25.Rc8+ Kh7 26.e5 Be4 27.Bc4 Ra4 28.Rxa2 Rxc4 29.Rxc4 Bd5
30.Rac2 Bxc4 31.Rxc4 e6 32.Rc7 Kg6 33.Kf1 Na6 34.Rb7 Bf8 35.d5 Nc5 36.Rb8 Bg7
37.Rc8 Nd7 38.Rc7 Nxe5 39.dxe6 fxe6 40.Re7 Kf6 41.Ra7 Bf8 42.Ra8 Bd6 43.h3 Ng6
44.g3 h5 45.Kg2 h4 46.Ra6 Be5 47.Ra4 Kf5 48.Kf3 Bf6 49.Ra5+ Ne5+ 50.Ke3 Bd8
51.g4+ Kf6 52.Rb5 Ng6 53.Ke4 Nf4 54.Rb3 Be7 55.Rc3 Bb4 56.Rb3 Ba5 57.Ra3 Bb6  0-1

[Event "ACT Open"]
[Site "Amsterdam NED"]
[Date "2004.07.23"]
[Round "7"]
[White "Lobron,E"]
[Black "Koster,R"]
[Result "1-0"]
[WhiteElo "2493"]
[BlackElo "2279"]

1.d4 Nf6 2.c4 g6 3.Nc3 d5 4.cxd5 Nxd5 5.e4 Nxc3 6.bxc3 Bg7 7.Bc4 c5 8.Ne2 O-O
9.Be3 Nc6 10.O-O Bg4 11.f3 Na5 12.Bd3 cxd4 13.cxd4 Be6 14.d5 Bxa1 15.Qxa1 f6
16.Bh6 Re8 17.Kh1 Rc8 18.Nf4 Bd7 19.e5 Nc4 20.e6 Ba4 21.Nxg6 hxg6 22.Bxg6 Ne5
23.Be4 Bc2 24.Bxc2 Rxc2 25.Qd1 Kh7 26.f4 Kxh6 27.fxe5 Qc7 28.exf6 Rf8 29.f7 Qc4
30.d6 exd6 31.Re1 Rf2 32.h3 d5 33.a4 d4 34.Kg1 R2xf7 35.exf7 Rxf7 36.Re4 Rf5
37.Qd2+ Kg6 38.Rg4+ Kf7 39.Qxd4 Rf1+ 40.Kh2 Qc7+ 41.Rg3 Rf6 42.Qg4 Ke7 43.h4 a6
44.Kh3 Qc1 45.Qg7+ Ke6 46.Qg8+ Ke7 47.Rg7+ Kd6 48.Qd8+ Ke6 49.Qd7+ Ke5 50.Re7+  1-0

[Event "Quebec Open"]
[Site "Montreal CAN"]
[Date "2004.07.25"]
[Round "9"]
[White "Gilman,A"]
[Black "Voskanian,V"]
[Result "0-1"]
[WhiteElo "2235"]
[BlackElo "2271"]

1.d4 Nf6 2.c4 g6 3.Nc3 d5 4.cxd5 Nxd5 5.e4 Nxc3 6.bxc3 Bg7 7.Bb5+ c6 8.Ba4 O-O
9.Ne2 Bg4 10.f3 Be6 11.O-O Bc4 12.Re1 Nd7 13.Bb3 Nb6 14.a4 c5 15.Be3 cxd4
16.cxd4 Rc8 17.Rc1 Bxe2 18.Qxe2 Rxc1 19.Rxc1 Bxd4 20.Rd1 Bxe3+ 21.Qxe3 Qc7
22.Qd4 Nc8 23.e5 e6 24.f4 Qa5 25.h3 Ne7 26.Kh2 Nc6 27.Qd7 Qb4  0-1

[Event "Open"]
[Site "Balatonlelle HUN"]
[Date "2004.07.26"]
[Round "8"]
[White "Vincze,Rob"]
[Black "Fodor,I2"]
[Result "1/2-1/2"]
[WhiteElo "2228"]
[BlackElo "2129"]

1.d4 Nf6 2.c4 g6 3.Nc3 d5 4.cxd5 Nxd5 5.e4 Nxc3 6.bxc3 Bg7 7.Bc4 c5 8.Ne2 O-O
9.O-O Nc6 10.Be3 Bg4 11.f3 Bd7 12.Qd2 Rc8 13.Bb3 Na5 14.Rac1 cxd4 15.cxd4 Nxb3
16.axb3 Bb5 17.Rxc8 Qxc8 18.Rc1 Qd7 19.Nc3 Rd8 20.d5 a6 21.Nxb5 Qxb5 22.Qc2 Be5
23.f4 Bd6 24.Qc3 Bb8 25.g3 Bd6 26.Bd4 Qd7 27.Bb6 Re8 28.Rc2 Bb8 29.Qd4 Rc8
30.Rxc8+ Qxc8 31.Qc4 Qd7 32.e5 h5 33.Kg2 h4 34.h3 hxg3 35.Kxg3 g5 36.Be3 Qf5
37.Qd4 gxf4+ 38.Bxf4 f6 39.exf6 Qg5+ 40.Kf3  1/2-1/2

[Event "12th Open"]
[Site "St Affrique FRA"]
[Date "2004.07.26"]
[Round "4"]
[White "Zharkov,H"]
[Black "Laurain,D"]
[Result "0-1"]
[WhiteElo "2219"]
[BlackElo "2065"]

1.d4 Nf6 2.c4 g6 3.Nc3 d5 4.cxd5 Nxd5 5.e4 Nxc3 6.bxc3 Bg7 7.Nf3 O-O 8.Rb1 c5
9.Be2 cxd4 10.cxd4 Qa5+ 11.Bd2 Qxa2 12.O-O b6 13.Qc1 Qe6 14.Ng5 Qd7 15.Bc4 Ba6
16.Bd5 Bb7 17.Bxf7+ Rxf7 18.Nxf7 Kxf7 19.Bh6 Bxe4 20.Bxg7 Kxg7 21.Rb3 Nc6
22.Rh3 h5 23.Re1 Qf5 24.f3 Bd5 25.g4 Qf6 26.gxh5 Nxd4 27.Qa1 Nxf3+ 28.Rxf3 Qxa1
29.h6+ Kh7 30.Rxa1 Bxf3 31.Re1 Re8  0-1

[Event "It"]
[Site "Biel SUI"]
[Date "2004.07.28"]
[Round "9"]
[White "Ponomariov,R"]
[Black "McShane,L"]
[Result "1/2-1/2"]
[WhiteElo "2722"]
[BlackElo "2643"]

1.d4 Nf6 2.c4 g6 3.Nc3 d5 4.cxd5 Nxd5 5.e4 Nxc3 6.bxc3 Bg7 7.Be3 c5 8.Nf3 Bg4
9.Rc1 O-O 10.Be2 Qa5 11.Qd2 Rd8 12.d5 e6 13.O-O exd5 14.exd5 Nd7 15.c4 Qxd2
16.Bxd2 Nf6 17.h3 Bf5 18.Be3 Rac8 19.Rfe1 Rd6 20.g4 Bd7 21.Bf4 Ra6 22.Ne5 Ba4
23.Rb1 Rb6 24.Rxb6 axb6 25.Bd1 Bxd1 26.Rxd1 Ne4 27.d6 Rd8 28.d7 Kf8 29.f3 Nc3
30.Re1 h6 31.h4 Kg8 32.g5 h5 33.Re3 Nxa2 34.Ra3 Nb4 35.Ra7 Kf8 36.Rxb7 Ke7
37.Rxb6 Bxe5 38.Bxe5 Kxd7 39.Kf1 Nc6 40.Bg3 Ra8 41.Rb5 Ra5 42.Bf2 Rxb5 43.cxb5 Nd4
44.Bxd4 cxd4 45.Ke2 Kd6 46.Kd3 Kc5 47.f4 Kxb5 48.Kxd4 Kc6 49.Ke5 Kd7 50.Kf6 Ke8
51.Kg7 Ke7 52.Kg8 Ke8 53.Kg7  1/2-1/2

[Event "Politiken Cup"]
[Site "Copenhagen DEN"]
[Date "2004.07.29"]
[Round "7"]
[White "Johansen,P"]
[Black "Jaeger,F"]
[Result "0-1"]
[WhiteElo "2117"]
[BlackElo "2035"]

1.d4 Nf6 2.c4 g6 3.Nc3 d5 4.cxd5 Nxd5 5.e4 Nxc3 6.bxc3 Bg7 7.Bc4 c5 8.Be3 Qa5
9.Ne2 cxd4 10.Bxd4 Bxd4 11.Qxd4 O-O 12.O-O Nc6 13.Qe3 Ne5 14.Bd5 e6 15.Bb3 b6
16.Rfd1 Ba6 17.Nd4 Rac8 18.Rac1 Rfd8 19.Qh3 Qc5 20.Qh6 Nc4 21.Nf3 Qf8 22.Qf4 Nb2
23.Rxd8 Rxd8 24.Qc7 Qd6 25.Qxa7 Be2 26.Nd4 Nd3 27.Rb1 Qf4 28.Qxb6 Qxf2+ 29.Kh1 Rf8
30.Rg1 Bf1 31.e5 Bxg2+ 32.Rxg2 Qf1+ 33.Rg1 Nf2+  0-1

[Event "Politiken Cup"]
[Site "Copenhagen DEN"]
[Date "2004.07.31"]
[Round "9"]
[White "Pedersen,A"]
[Black "Rossen,C"]
[Result "1/2-1/2"]
[WhiteElo "2034"]
[BlackElo "2168"]

1.d4 Nf6 2.c4 g6 3.Nc3 d5 4.cxd5 Nxd5 5.e4 Nxc3 6.bxc3 Bg7 7.Bc4 c5 8.Ne2 Nc6
9.Be3 cxd4 10.cxd4 b5 11.Bd5 Bd7 12.Rc1 Rc8 13.O-O O-O 14.Bxc6 Rxc6 15.Rxc6 Bxc6
16.d5 Bb7 17.Bxa7 Qa5 18.Bc5 Bf6 19.a3 Rc8 20.Bb4 Qb6 21.Qd3 e6 22.Rd1 Rc4
23.Qf3 exd5 24.exd5 Bd4 25.Nxd4 Rxd4 26.Re1 Qd8 27.Qe3 Rxd5 28.Qe8+  1/2-1/2

[Event "Open Dutch Champ"]
[Site "Dieren NED"]
[Date "2004.07.31"]
[Round "5"]
[White "Bensdorp,M"]
[Black "Zimmerman,L"]
[Result "1-0"]
[WhiteElo "2238"]
[BlackElo "2114"]

1.d4 Nf6 2.c4 g6 3.Nc3 d5 4.cxd5 Nxd5 5.e4 Nxc3 6.bxc3 Bg7 7.Bc4 O-O 8.Ne2 Nc6
9.O-O b6 10.Be3 Bb7 11.Bd3 Qd7 12.Rc1 Rad8 13.Qd2 e5 14.d5 Na5 15.c4 f5 16.exf5 gxf5
17.Bg5 Rde8 18.f3 Kh8 19.Ng3 c6 20.Nh5 Rf7 21.Nxg7 Kxg7 22.dxc6 Nxc6 23.Rcd1 f4
24.Bh4 Kh8 25.Be4 Nd4 26.Qd3 Bxe4 27.Qxe4 Qc6 28.Rxd4  1-0

[Event "Mark Pinto IM"]
[Site "San Francisco USA"]
[Date "2004.07.31"]
[Round "11"]
[White "Sevillano,E"]
[Black "Batchimeg,T"]
[Result "1-0"]
[WhiteElo "2464"]
[BlackElo "2169"]

1.d4 Nf6 2.c4 g6 3.Nc3 d5 4.cxd5 Nxd5 5.e4 Nxc3 6.bxc3 Bg7 7.Qa4+ Bd7 8.Qa3 O-O
9.Nf3 Qc8 10.Be3 c5 11.Rc1 Bg4 12.Nd2 cxd4 13.cxd4 Qd8 14.h3 Bc8 15.d5 f5
16.Bc4 Kh8 17.Bg5 Bf6 18.Bh6 Re8 19.O-O Nd7 20.Bb5 Rg8 21.Bf4 Ne5 22.Qg3 Nf7
23.Bc7 Qf8 24.e5 Bg7 25.e6 Nh6 26.Nf3 Bf6 27.Ng5 Qg7 28.Bf4 Rf8 29.Rc7 a6
30.Be2 b5 31.d6 a5 32.Bf3 Ra6 33.d7 Bxd7 34.exd7 Nf7 35.Nxf7+ Qxf7 36.Rd1  1-0

[Event "It"]
[Site "Charleroi BEL"]
[Date "2004.08.05"]
[Round "7"]
[White "Laurent,B"]
[Black "Cools,G"]
[Result "1-0"]
[WhiteElo "2344"]
[BlackElo "2309"]

1.d4 Nf6 2.c4 g6 3.Nc3 d5 4.cxd5 Nxd5 5.e4 Nxc3 6.bxc3 Bg7 7.Nf3 c5 8.Rb1 O-O
9.Be2 b6 10.O-O Bb7 11.Qd3 cxd4 12.cxd4 Qd7 13.Ba3 Nc6 14.Rfd1 Rac8 15.Qb5 Rfd8
16.d5 Na5 17.Qb4 Rc5 18.Rbc1 Rdc8 19.Rxc5 Rxc5 20.Qb1 Rc7 21.Bxe7  1-0

[Event "ch-GBR"]
[Site "Scarborough ENG"]
[Date "2004.08.05"]
[Round "4"]
[White "Quinn,M"]
[Black "Knott,S"]
[Result "1/2-1/2"]
[WhiteElo "2406"]
[BlackElo "2359"]

1.d4 Nf6 2.c4 g6 3.Nc3 d5 4.cxd5 Nxd5 5.e4 Nxc3 6.bxc3 Bg7 7.Bc4 c5 8.Ne2 Nc6
9.Be3 O-O 10.O-O Qc7 11.Rc1 Rd8 12.Bf4 Qd7 13.dxc5 Qe8 14.Bd5 Bd7 15.Qd3 e6
16.Bxc6 Bxc6 17.Bd6 b6 18.Qe3 Bb7 19.e5 Qc6 20.f3 bxc5 21.c4 Rac8 22.Be7 Rd7
23.Bf6 h6 24.Rfd1 Bxf6 25.exf6 Kh7 26.Qe5 Qc7 27.Qxc7 Rcxc7 28.Nc3  1/2-1/2

[Event "Open"]
[Site "Kavala GRE"]
[Date "2004.08.07"]
[Round "9"]
[White "Banikas,H"]
[Black "Belov,Vl"]
[Result "0-1"]
[WhiteElo "2519"]
[BlackElo "2532"]

1.d4 Nf6 2.c4 g6 3.Nc3 d5 4.cxd5 Nxd5 5.e4 Nxc3 6.bxc3 Bg7 7.Be3 c5 8.Qd2 Qa5
9.Nf3 Nc6 10.Rc1 cxd4 11.cxd4 Qxd2+ 12.Kxd2 O-O 13.d5 Rd8 14.Ke1 Na5 15.Bg5 Bd7
16.Bd3 f5 17.e5 Be8 18.d6 Rdc8 19.Kd2 exd6 20.exd6 Bf8 21.Be7 Bxe7 22.dxe7 Kg7
23.Ng5 Rc6 24.Rxc6 Nxc6 25.Re1 Rc8 26.Ne6+ Kf6 27.Nf8 h6 28.Bc2 Rc7 29.Re6+ Kf7
30.Bb3 Nd4 31.Re5+ Nxb3+ 32.axb3 b6 33.f3 Rc5 34.Re1 Rc6 35.h4 a5 36.Kd3 b5
37.Kd4 a4 38.bxa4 bxa4 39.Kd5 Rc7 40.Kd6 Rc6+ 41.Kd5 Rc7 42.Kd6 Ra7 43.g4 a3
44.gxf5 gxf5 45.Ne6 Ra6+ 46.Kd5 a2  0-1

[Event "Open"]
[Site "Davos SUI"]
[Date "2004.08.08"]
[Round "9"]
[White "Smith,BG"]
[Black "Schweizer,R"]
[Result "0-1"]
[WhiteElo "2340"]
[BlackElo "2004"]

1.d4 Nf6 2.c4 g6 3.Nc3 d5 4.cxd5 Nxd5 5.e4 Nxc3 6.bxc3 Bg7 7.Bc4 O-O 8.Ne2 c5
9.O-O Nc6 10.e5 cxd4 11.cxd4 e6 12.a4 Na5 13.Ba2 b6 14.Ba3 Re8 15.Nc3 Ba6
16.Re1 Qd7 17.Ne4 Red8 18.Bb2 Rac8 19.Nd6 Rc7 20.Qd2 Bc4 21.Ne4 Bxe5 22.dxe5 Qxd2
23.Nxd2 Rxd2  0-1

[Event "FSGM August"]
[Site "Budapest HUN"]
[Date "2004.08.14"]
[Round "8"]
[White "Berczes,D"]
[Black "Turov,M"]
[Result "0-1"]
[WhiteElo "2351"]
[BlackElo "2536"]

1.d4 Nf6 2.c4 g6 3.Nc3 d5 4.cxd5 Nxd5 5.e4 Nxc3 6.bxc3 Bg7 7.Bc4 O-O 8.Ne2 Nc6
9.O-O b6 10.Be3 e5 11.d5 Na5 12.Bd3 f5 13.f3 c6 14.c4 Ba6 15.Rc1 fxe4 16.fxe4 Rxf1+
17.Kxf1 Qf8+ 18.Kg1 Bh6 19.Qd2 Bxe3+ 20.Qxe3 Nb7 21.h4 Qc5 22.Qxc5 Nxc5 23.Bb1 Rf8
24.Rc3 Kg7 25.g3 Kf6 26.Nc1 Ke7 27.Nb3 Na4 28.Rc1 Rf3 29.c5 bxc5 30.Kg2 Rc3
31.Rxc3 Nxc3 32.Nxc5 Bc8 33.Bc2 Kd6 34.Na4 Nxa2 35.dxc6 Be6 36.c7 Kxc7 37.Nc5 Bc4
38.Bd3 Bf7 39.Kf3 Nb4 40.Ke3 Kc6 41.Na4 Bb3 42.Nc3 Kc5 43.Kd2 Bc4 44.Bb1 Kd4
45.Nd1 a5 46.Nc3 h5 47.Na4 Bd3 48.Bxd3 Nxd3 49.Nc3 Nc5  0-1

[Event "14th Open"]
[Site "Abu Dhabi UAE"]
[Date "2004.08.15"]
[Round "2"]
[White "Kobalia,M"]
[Black "Vakhidov,T"]
[Result "1-0"]
[WhiteElo "2618"]
[BlackElo "2504"]

1.d4 Nf6 2.c4 g6 3.Nc3 d5 4.cxd5 Nxd5 5.e4 Nxc3 6.bxc3 Bg7 7.Bc4 O-O 8.Ne2 b6
9.h4 Nc6 10.Bd5 Bb7 11.h5 e6 12.Bb3 Na5 13.Qd3 Nxb3 14.axb3 e5 15.hxg6 fxg6
16.d5 c6 17.c4 cxd5 18.cxd5 a5 19.Qh3 h5 20.Qe6+ Kh7 21.Be3 Rf6 22.Bg5 Rxe6
23.Bxd8 Rxd8 24.dxe6 Bxe4 25.O-O Re8 26.Rac1 Rxe6 27.Rfd1 Bc6 28.Rd8 Bf6
29.Rb8 Bd5 30.Nc3 Bxb3 31.Ne4 Bd5 32.Re8 Be7 33.Rxe7+ Rxe7 34.Nf6+ Kg7 35.Nxd5 Rb7
36.Kf1 b5 37.Ra1 a4 38.Ke2 Kf7 39.Nc3 Ke6  1-0

[Event "ch-CAN"]
[Site "Toronto CAN"]
[Date "2004.08.20"]
[Round "1"]
[White "McTavish,D"]
[Black "Gravel,S"]
[Result "1/2-1/2"]
[WhiteElo "2217"]
[BlackElo "2256"]

1.d4 Nf6 2.c4 g6 3.Nc3 d5 4.cxd5 Nxd5 5.e4 Nxc3 6.bxc3 Bg7 7.Bc4 c5 8.Ne2 Nc6
9.Be3 O-O 10.O-O Na5 11.Bd3 Bg4 12.f3 cxd4 13.cxd4 Be6 14.d5 Bxa1 15.Qxa1 f6
16.Rb1 Bd7 17.Bh6 Rf7 18.Bd2 e5 19.f4 exf4 20.Nxf4 Rc8 21.e5 fxe5 22.Qxe5 b5
23.Ne6 Qb6+ 24.Kh1 Nc4 25.Bxc4 Rxc4 26.Be3 Qa6 27.Bd4 Rxd4 28.Qb8+ Qc8 29.Qxc8+ Bxc8
30.Nxd4 a6 31.Rc1 Bb7 32.d6 Rd7 33.Kg1 Rxd6 34.Nb3 Bc6 35.g3 Kf7 36.Kf2 Ke7
37.Ke3 Bd5 38.Rc2 Rc6 39.Rxc6 Bxc6 40.Kd4 Kd6 41.Kc3 Bd5 42.Kb4 Kc6 43.Ka5 Bxb3
44.axb3 Kb7 45.b4 h6 46.g4 g5 47.h4 gxh4 48.g5 h3 49.gxh6 h2 50.h7 h1=Q 51.h8=Q Qxh8  1/2-1/2

[Event "Open"]
[Site "Vladimir RUS"]
[Date "2004.08.20"]
[Round "3"]
[White "Truskavetsky,A"]
[Black "Yandemirov,V"]
[Result "1/2-1/2"]
[WhiteElo "2387"]
[BlackElo "2503"]

1.d4 Nf6 2.c4 g6 3.Nc3 d5 4.cxd5 Nxd5 5.e4 Nxc3 6.bxc3 Bg7 7.Bc4 O-O 8.Ne2 Nc6
9.O-O Na5 10.Bd3 Be6 11.f4 f5 12.e5 Qd7 13.Qc2 Nc4 14.Rd1 Rfd8 15.Rb1 b5
16.Ng3 Rac8 17.Nf1 c5 18.Bxc4 Bxc4 19.Ne3 cxd4 20.Rxd4 Qc6 21.Nxc4 Rxd4 22.cxd4 e6
23.Ba3 Qxc4  1/2-1/2

[Event "ch-CAN"]
[Site "Toronto CAN"]
[Date "2004.08.21"]
[Round "2"]
[White "Mikanovic,G"]
[Black "Panjwani,R"]
[Result "1/2-1/2"]
[WhiteElo "2278"]
[BlackElo "2154"]

1.d4 Nf6 2.c4 g6 3.Nc3 d5 4.cxd5 Nxd5 5.e4 Nxc3 6.bxc3 Bg7 7.Bc4 O-O 8.Ne2 Nc6
9.O-O b6 10.Bg5 Bb7 11.Qd2 Qd7 12.Rad1 Na5 13.Bd3 Qa4 14.Ng3 c5 15.dxc5 Rfd8
16.Qe2 bxc5 17.Bxe7 Rdc8 18.e5 Qc6 19.f4 Qe6 20.Bd6 f5 21.Ba6 Bxa6 22.Qxa6 Nc4
23.Rf3 Bf8 24.Qb7 Rd8 25.Rfd3 Bxd6 26.exd6 Rab8 27.Qxa7 Nb2 28.Qxc5 Nxd3
29.Rxd3 Qxa2 30.Nf1 Rb2 31.Qc6 Qe6 32.c4 Qe2 33.Qd5+ Kf8 34.Rd1 Qf2+ 35.Kh1 Re2
36.c5 Re1 37.Rxe1 Qxe1 38.Kg1 Qe4 39.Qe5 Kf7 40.c6 Ra8 41.c7 Qc6 42.Qe7+ Kg8
43.Qd8+ Kf7 44.Qe7+ Kg8 45.Qe6+ Kg7 46.Qe7+ Kg8  1/2-1/2

[Event "54th ch-HUN"]
[Site "Budapest HUN"]
[Date "2004.08.22"]
[Round "4"]
[White "Berkes,F"]
[Black "Flumbort,A"]
[Result "1/2-1/2"]
[WhiteElo "2614"]
[BlackElo "2493"]

1.d4 Nf6 2.c4 g6 3.Nc3 d5 4.cxd5 Nxd5 5.e4 Nxc3 6.bxc3 Bg7 7.Bc4 c5 8.Ne2 Nc6
9.Be3 O-O 10.O-O Bg4 11.f3 Na5 12.Bd3 cxd4 13.cxd4 Be6 14.d5 Bxa1 15.Qxa1 f6
16.Qb1 Bf7 17.Nd4 Rc8 18.Qb4 b6 19.Bh6 Rc5 20.Nb5 e6 21.Bxf8 Kxf8 22.Nxa7  1/2-1/2

[Event "XVI Open"]
[Site "Porto San Giorgio ITA"]
[Date "2004.08.22"]
[Round "2"]
[White "Manganelli,G"]
[Black "Kohlweyer,B"]
[Result "1/2-1/2"]
[WhiteElo "2035"]
[BlackElo "2411"]

1.d4 Nf6 2.c4 g6 3.Nc3 d5 4.cxd5 Nxd5 5.e4 Nxc3 6.bxc3 Bg7 7.Be3 c5 8.Qd2 Qa5
9.Rc1 O-O 10.Nf3 cxd4 11.cxd4 Qxd2+ 12.Nxd2 b6 13.Nb3 e6 14.f3 Ba6 15.Bxa6 Nxa6
16.Ke2 Rfc8 17.Rxc8+ Rxc8 18.Rc1  1/2-1/2

[Event "Open"]
[Site "Vladimir RUS"]
[Date "2004.08.23"]
[Round "6"]
[White "Yevseev,D"]
[Black "Yandemirov,V"]
[Result "0-1"]
[WhiteElo "2564"]
[BlackElo "2503"]

1.d4 Nf6 2.c4 g6 3.Nc3 d5 4.cxd5 Nxd5 5.e4 Nxc3 6.bxc3 Bg7 7.Bc4 O-O 8.Ne2 Nc6
9.O-O Na5 10.Bd3 Be6 11.Bg5 c6 12.f4 f5 13.Ng3 fxe4 14.Bxe4 Qd7 15.Qc2 Bc4
16.f5 Bxf1 17.Rxf1 Nc4 18.Re1 e5 19.fxg6 h6 20.Qe2 Nd6 21.Bc2 Rae8 22.Be3 exd4
23.cxd4 b5 24.Bb3+ Nc4 25.Nf1 Bxd4 26.Kh1 Bxe3 27.Nxe3 Kg7 28.Bxc4 bxc4 29.Qb2+ Kxg6
30.h3 Qd3 31.Qc1 c3 32.Kh2 Qd6+ 33.Kg1 Qd2 34.Qb1+ c2 35.Nxc2 Rxe1+ 36.Nxe1+ Kg7
37.Nf3 Qe3+ 38.Kh2 Qf4+ 39.Kh1 Qf6 40.Qc2 Rf7 41.Qe4 Re7 42.Qg4+ Kh7 43.Qc4 Qe6
44.Qh4 Rg7 45.Qf4 Qd5 46.Qa4 Qd3 47.Qxc6 Qg6  0-1

[Event "Paks Cup IM"]
[Site "Paks HUN"]
[Date "2004.08.27"]
[Round "7"]
[White "Martic,Z"]
[Black "Feher,G"]
[Result "1-0"]
[WhiteElo "2281"]
[BlackElo "2395"]

1.d4 Nf6 2.c4 g6 3.Nc3 d5 4.cxd5 Nxd5 5.e4 Nxc3 6.bxc3 Bg7 7.Bc4 c5 8.Ne2 Nc6
9.Be3 O-O 10.O-O Qc7 11.Rc1 Rd8 12.Bf4 Qd7 13.Bb5 e5 14.Bg5 f6 15.Be3 Qe7
16.d5 Na5 17.Bd3 c4 18.Bb1 b5 19.Qd2 Nb7 20.f4 Bh6 21.Kh1 Nd6 22.Rcd1 a5
23.fxe5 Bxe3 24.exd6 Qa7 25.Qe1 Rxd6 26.Nd4 Bxd4 27.cxd4 Bb7 28.Qg3 Qb6 29.h4 Rf8
30.e5 Rxd5 31.Bxg6 Rd7 32.exf6 Rxf6 33.Be4+ Kf7 34.Bxh7 Rd6 35.Rde1 Qd8 36.Qg6+  1-0

[Event "XVI Open"]
[Site "Porto San Giorgio ITA"]
[Date "2004.08.27"]
[Round "7"]
[White "Lalic,B"]
[Black "Bukal,V jr"]
[Result "1/2-1/2"]
[WhiteElo "2527"]
[BlackElo "2390"]

1.d4 Nf6 2.c4 g6 3.Nc3 d5 4.cxd5 Nxd5 5.e4 Nxc3 6.bxc3 Bg7 7.Bc4 c5 8.Ne2 Nc6
9.Be3 O-O 10.O-O Qc7 11.Rc1 b6 12.Qd2 Na5 13.Bd3 Qd7 14.f4 Qa4 15.f5 Nc4
16.Bxc4 Qxc4 17.Ng3 cxd4 18.cxd4 Qa4 19.Rc7 Ba6 20.Rfc1 Rfd8 21.Qc2 Qxc2
22.R1xc2 Bxd4 23.Bxd4 Rxd4 24.Rxe7 Bc4 25.h3 b5 26.e5 gxf5 27.Nxf5 Rf4 28.Nd6 a6
29.Nxc4 bxc4 30.e6 Rc8 31.exf7+ Rxf7  1/2-1/2

[Event "ch-CAN"]
[Site "Toronto CAN"]
[Date "2004.08.29"]
[Round "9"]
[White "Mikanovic,G"]
[Black "McTavish,D"]
[Result "1-0"]
[WhiteElo "2278"]
[BlackElo "2217"]

1.d4 Nf6 2.c4 g6 3.Nc3 d5 4.cxd5 Nxd5 5.e4 Nxc3 6.bxc3 Bg7 7.Bc4 c5 8.Ne2 Nc6
9.Be3 O-O 10.O-O Qc7 11.Rc1 Rd8 12.Bf4 Qd7 13.dxc5 Na5 14.Bb5 Qxd1 15.Rfxd1 Rxd1+
16.Rxd1 Be6 17.Bc7 Nc6 18.Nd4 Bd7 19.Kf1 Rc8 20.Bg3 f5 21.Nxf5 Bxf5 22.exf5 gxf5
23.Rd7 Na5 24.c6 Nxc6 25.Rxb7 a5 26.Rc7 Rxc7 27.Bxc7 Be5 28.Bb6  1-0

[Event "VI Sants Open"]
[Site "Barcelona ESP"]
[Date "2004.09.01"]
[Round "6"]
[White "Stocek,J"]
[Black "Jerez Perez,A"]
[Result "1-0"]
[WhiteElo "2557"]
[BlackElo "2416"]

1.d4 Nf6 2.c4 g6 3.Nc3 d5 4.cxd5 Nxd5 5.e4 Nxc3 6.bxc3 Bg7 7.Bb5+ c6 8.Ba4 O-O
9.Ne2 c5 10.O-O b6 11.Be3 Bb7 12.d5 e6 13.dxe6 fxe6 14.Nf4 Qh4 15.Bb3 Kh8
16.g3 Qf6 17.Nxe6 Bxe4 18.Nxf8 Bf3 19.Nd7 Bxd1 20.Nxf6 Bxb3 21.Ne8  1-0

[Event "It"]
[Site "Pune IND"]
[Date "2004.09.04"]
[Round "2"]
[White "Harikrishna,P"]
[Black "Azmaiparashvili,Z"]
[Result "1-0"]
[WhiteElo "2609"]
[BlackElo "2679"]

1.d4 Nf6 2.c4 g6 3.Nc3 d5 4.cxd5 Nxd5 5.e4 Nxc3 6.bxc3 Bg7 7.Bc4 O-O 8.Ne2 b6
9.h4 Nc6 10.Bd5 Qd7 11.h5 e6 12.Bb3 Na5 13.hxg6 hxg6 14.Qd3 e5 15.Qg3 Nxb3
16.axb3 Re8 17.Qh4 f6 18.Qh7+ Kf7 19.Bh6 Rg8 20.dxe5 Qc6 21.exf6 Qxf6 22.Bxg7 Rxg7
23.Qh4 Qxh4 24.Rxh4 Be6 25.Nd4 a5 26.O-O-O Bd7 27.Nf3 Ke7 28.Ne5 Be8 29.Kb2 a4
30.bxa4 Rxa4 31.f3 Ra5 32.Nd3 Rb5+ 33.Kc1 Rb3 34.Kd2 Ra3 35.Nf4 Bf7 36.Rhh1 Rg8
37.Ra1 Rd8+ 38.Nd5+ Bxd5 39.Rxa3 Bxe4+ 40.Ke3 Bd5 41.Rh7+ Bf7 42.Ra4 Kf8
43.Rd4 Re8+ 44.Kf4 Kg8 45.Rh1 Re6 46.Rd7 Rc6 47.Ra1 Rxc3 48.Ra7 Rc6 49.Rdxc7 Rf6+
50.Kg3 Be8 51.Ra6  1-0

[Event "Yanofsky Mem"]
[Site "Winnipeg CAN"]
[Date "2004.09.06"]
[Round "6"]
[White "Lipnowski,S"]
[Black "Tyomkin,D"]
[Result "0-1"]
[WhiteElo "2288"]
[BlackElo "2498"]

1.d4 Nf6 2.c4 g6 3.Nc3 d5 4.cxd5 Nxd5 5.e4 Nxc3 6.bxc3 Bg7 7.Nf3 c5 8.Be3 O-O
9.Qd2 Qa5 10.Rc1 Rd8 11.d5 e6 12.c4 Qxd2+ 13.Kxd2 b6 14.Bd3 Na6 15.Bg5 f6
16.Be3 Nb4 17.Bb1 Bb7 18.Ke2 Re8 19.a3 Na6 20.Rcd1 Rad8 21.Bc2 Nc7 22.Ba4 b5
23.cxb5 exd5 24.b6 axb6 25.Bxe8 Rxe8 26.exd5 Nxd5 27.Kd2 Ra8 28.Rb1 Rxa3
29.Rhc1 f5  0-1

[Event "FSGM September"]
[Site "Budapest HUN"]
[Date "2004.09.08"]
[Round "5"]
[White "Erdos,V"]
[Black "Sammalvuo,T"]
[Result "1/2-1/2"]
[WhiteElo "2454"]
[BlackElo "2445"]

1.d4 Nf6 2.c4 g6 3.Nc3 d5 4.cxd5 Nxd5 5.e4 Nxc3 6.bxc3 Bg7 7.Bc4 c5 8.Ne2 O-O
9.O-O Nc6 10.Be3 cxd4 11.cxd4 Bg4 12.f3 Na5 13.Bd3 Be6 14.d5 Bxa1 15.Qxa1 f6
16.Bh6 Re8 17.Kh1 Rc8 18.Nf4 Bd7 19.e5 Nc4 20.e6 Ba4 21.Nxg6 hxg6 22.Bxg6 Ne5
23.Be4 Bc2 24.Bxc2 Rxc2 25.Qd1 Qc8 26.f4 Kh7 27.fxe5 Kxh6 28.exf6 Qc4 29.f7 Rf8
30.d6 exd6 31.e7 Rxf7 32.Qxd6+ Kh7 33.Rxf7+ Qxf7 34.Qd3+ Kg7  1/2-1/2

[Event "TCh-CRO"]
[Site "Rabac CRO"]
[Date "2004.09.08"]
[Round "4"]
[White "Jovanic,O"]
[Black "Horvath,Jo1"]
[Result "1/2-1/2"]
[WhiteElo "2440"]
[BlackElo "2524"]

1.d4 Nf6 2.c4 g6 3.Nc3 d5 4.cxd5 Nxd5 5.e4 Nxc3 6.bxc3 Bg7 7.Nf3 c5 8.Bb5+ Nc6
9.O-O O-O 10.Be3 cxd4 11.cxd4 Bg4 12.Bxc6 bxc6 13.Rc1 Qa5 14.Rxc6 Qxa2 15.Rc7 Qe6
16.h3 Qd6 17.Rc5 Bd7  1/2-1/2

[Event "TCh-CRO"]
[Site "Rabac CRO"]
[Date "2004.09.08"]
[Round "4"]
[White "Rezan,S"]
[Black "Rade,M"]
[Result "1/2-1/2"]
[WhiteElo "2416"]
[BlackElo "2411"]

1.d4 Nf6 2.c4 g6 3.Nc3 d5 4.cxd5 Nxd5 5.e4 Nxc3 6.bxc3 Bg7 7.Be3 O-O 8.Qd2 c5
9.Rb1 cxd4 10.cxd4 Nc6 11.Nf3 Bg4 12.d5 Bxf3 13.gxf3 Ne5 14.Be2 Qc8 15.Bd4 Qh3
16.Qf4 Nxf3+ 17.Qxf3 Qxf3 18.Bxf3 Bxd4 19.Rxb7 Rfe8 20.O-O Kf8 21.Bg4 Rab8
22.Rfb1 Bb6 23.Rxb8 Rxb8 24.Rc1 Bd4 25.Rc8+ Rxc8 26.Bxc8  1/2-1/2

[Event "ProMoPro Open"]
[Site "Prague CZE"]
[Date "2004.09.11"]
[Round "1"]
[White "Prachar,J"]
[Black "Hausner,I"]
[Result "0-1"]
[WhiteElo "2008"]
[BlackElo "2419"]

1.d4 Nf6 2.c4 g6 3.Nc3 d5 4.cxd5 Nxd5 5.e4 Nxc3 6.bxc3 Bg7 7.Nf3 O-O 8.Rb1 b6
9.Be2 Bb7 10.Qc2 Nd7 11.e5 c5 12.O-O cxd4 13.cxd4 Bd5 14.Be3 Nb8 15.Rfd1 Nc6
16.Qa4 a6 17.Rbc1 b5 18.Qa3 Qa5 19.Qc5 e6 20.a3 Rfc8 21.Qc3 Bf8 22.Bg5 Qxc3
23.Rxc3 Nxd4 24.Rxc8 Nxe2+ 25.Kf1 Rxc8 26.Kxe2 Bxa3  0-1

[Event "ProMoPro Open"]
[Site "Prague CZE"]
[Date "2004.09.15"]
[Round "5"]
[White "Prachar,J"]
[Black "Novotny,M1"]
[Result "1-0"]
[WhiteElo "2008"]
[BlackElo "2197"]

1.d4 Nf6 2.c4 g6 3.Nc3 d5 4.cxd5 Nxd5 5.e4 Nxc3 6.bxc3 Bg7 7.Nf3 c5 8.Rb1 cxd4
9.cxd4 Qa5+ 10.Bd2 Qxa2 11.Qc1 Bd7 12.Bc4 Qa4 13.Bb5  1-0

[Event "ch-Euro Seniors"]
[Site "Arvier ITA"]
[Date "2004.09.18"]
[Round "9"]
[White "Sorokin,Valen"]
[Black "Rosino,A"]
[Result "1-0"]
[WhiteElo "2388"]
[BlackElo "2277"]

1.d4 Nf6 2.c4 g6 3.Nc3 d5 4.cxd5 Nxd5 5.e4 Nxc3 6.bxc3 Bg7 7.Nf3 c5 8.Be2 Nc6
9.Be3 cxd4 10.cxd4 Qa5+ 11.Bd2 Qd8 12.d5 Ne5 13.Nxe5 Bxe5 14.Rb1 O-O 15.O-O f5
16.Bh6 Rf7 17.f4 Bg7 18.Bxg7 Rxg7 19.e5 b6 20.Qb3 Kh8 21.Bf3 Bb7 22.Rfc1 h6
23.h4 Rc8 24.Qd1 Rxc1 25.Rxc1 Qd7 26.Qd4 Kh7 27.e6 Qd6 28.Qe5 Qxe5 29.fxe5 g5
30.d6  1-0

[Event "Tch-FIN 2004-5"]
[Site "Finland FIN"]
[Date "2004.09.18"]
[Round "1"]
[White "Norri,J"]
[Black "Holmsten,A"]
[Result "1/2-1/2"]
[WhiteElo "2421"]
[BlackElo "2400"]

1.d4 Nf6 2.c4 g6 3.Nc3 d5 4.cxd5 Nxd5 5.e4 Nxc3 6.bxc3 Bg7 7.Bc4 c5 8.Ne2 O-O
9.O-O Nc6 10.Be3 Bg4 11.f3 Na5 12.Bd3 cxd4 13.cxd4 Be6 14.d5 Bxa1 15.Qxa1 f6
16.Bh6 Bf7 17.Bxf8 Kxf8 18.Qd4 e6 19.dxe6 Qxd4+ 20.Nxd4 Rd8 21.exf7 Rxd4
22.Bb5 a6 23.Be8 b5 24.Rc1 Nc4 25.h4 h5 26.Bc6 Kxf7 27.a4 f5 28.axb5 axb5
29.exf5 gxf5 30.Bxb5 Nd6 31.Rc7+ Kf6 32.Be2  1/2-1/2